000 01330nam0a2200385 4500
001 RU\NLR\bibl\229130
005 20250619110441.0
010 _a5-89329-392-4
_bВ пер.
_9700
021 _aRU
_b2001-49502
_92389
035 _a(NLR Aleph) 000225112
090 _a1309238
_c1309238
100 _a20020204d2001 |||y0rusy50 ca
101 0 _arus
102 _aRU
105 _aa |||||||||
200 1 _aФормально-логический анализ функций противоречия в когнитивном процессе
_fС.С. Магазов
210 _aСПб.
_cАлетейя
_d2001
215 _a301 с.
_d17
320 _aБиблиогр.: с. 286-297
606 0 _aПознание
_xМоделирование
_92247498
_3RU\NLR\auth\661348279
606 0 _aМодели в логике
_91529806
_3RU\NLR\auth\66666014
606 0 _aПсихология - Когнитивные методы
606 0 _aЛогика научного познания
675 _a165
_v3
_zrus
686 _a02.21
_2rugasnti
686 _a87.4
_2rubbk
686 _aЮ223.11
686 _aЮ414
700 1 _aМагазов
_bС. С.
_4070
801 0 _aRU
_bRKP
_c20020204
_gPSBO
801 1 _aRU
_bRKP
_c20020204
801 2 _aRU
_bNLR
_c20020620
_grcr
942 _cBOOK
980 _aNB